[Event "Aeroflot Open B 2015"]
[Site "Moscú RUS"]
[Date "2015.04.03"]
[Round "8.6"]
[White "Kharchenko, Boris"]
[Black "Paravyan, David"]
[Result "1/2-1/2"]
[WhiteElo "2514"]
[BlackElo "2436"]
[PlyCount "99"]
[EventDate "2015.03.27"]
[EventType "swiss"]
[EventRounds "9"]
[EventCountry "RUS"]
[Source "lmi"]
[SourceDate "2015.03.27"]

1. e4 e5 2. Nf3 Nc6 3. d4 exd4 4. Bc4 Nf6 5. e5 d5 6. Bb5 Ne4 7. Nxd4 Bd7 8.
Bxc6 bxc6 9. O-O Bc5 10. f3 Ng5 11. f4 Ne4 12. Be3 Bb6 13. Nd2 c5 14. N4f3 Nxd2
15. Qxd2 Bf5 16. a3 O-O 17. b4 Qe7 18. Rfe1 Rfd8 19. bxc5 Bxc5 20. Bxc5 Qxc5+
21. Nd4 Be4 22. Re3 Rab8 23. Rc3 Qb6 24. Rc6 Qb2 25. Qc3 Rdc8 26. Qxb2 Rxb2 27.
Kf2 h5 28. g3 g6 29. Ke3 Kf8 30. Kd2 Ke8 31. Re1 Kd7 32. Re3 Rb6 33. Rec3 Rxc6
34. Rxc6 Rb8 35. Rf6 Ke8 36. Ra6 Rb1 37. Rxa7 c5 38. Ra8+ Ke7 39. Ra7+ Kf8 40.
Nb3 Rb2 41. Rc7 Rxc2+ 42. Kd1 c4 43. Nc5 Rxh2 44. Nxe4 dxe4 45. Rxc4 Ra2 46. a4
Ra3 47. Rxe4 Rxg3 48. Ke2 h4 49. Kf2 Ra3 50. f5 1/2-1/2

[Event "Aeroflot Open B 2015"]
[Site "Moscú RUS"]
[Date "2015.04.03"]
[Round "8.7"]
[White "Potapov, Pavel"]
[Black "Tologontegin, Semetey"]
[Result "1-0"]
[WhiteElo "2471"]
[BlackElo "2399"]
[PlyCount "97"]
[EventDate "2015.03.27"]
[EventType "swiss"]
[EventRounds "9"]
[EventCountry "RUS"]
[Source "lmi"]
[SourceDate "2015.03.27"]

1. e4 g6 2. d4 Bg7 3. Nc3 c6 4. Be3 d5 5. e5 Qb6 6. Na4 Qa5+ 7. c3 f6 8. f4 Nh6
9. Be2 O-O 10. Nc5 Qc7 11. Qd2 b6 12. Nd3 Ba6 13. Nf3 Nd7 14. O-O e6 15. b3
Bxd3 16. Bxd3 Ng4 17. g3 Bh6 18. exf6 Rxf6 19. h3 Nxe3 20. Qxe3 Re8 21. Nh2 Rf7
22. Ng4 Bg7 23. Rae1 Qd6 24. Kg2 Nf6 25. Ne5 Nd7 26. Nf3 Bh6 27. Re2 Nf6 28.
Ne5 Nd7 29. Ng4 Bg7 30. Rfe1 Ree7 31. h4 Nf6 32. Qe5 Qd7 33. Qg5 Nh5 34. f5 Qc7
35. Re3 Bf6 36. Nxf6+ Rxf6 37. Re5 h6 38. Qxh6 exf5 39. Qg5 Ref7 40. Bxf5 Rxf5
41. Qxg6+ Ng7 42. Re8+ Rf8 43. R1e7 Qxe7 44. Rxe7 R5f7 45. Rxf7 Rxf7 46. h5 Kf8
47. h6 Nf5 48. h7 Ne3+ 49. Kh3 1-0

[Event "Aeroflot Open B 2015"]
[Site "Moscú RUS"]
[Date "2015.04.03"]
[Round "8.8"]
[White "Baghdasaryan, Vahe"]
[Black "Yuffa, Daniil"]
[Result "1-0"]
[WhiteElo "2400"]
[BlackElo "2471"]
[PlyCount "49"]
[EventDate "2015.03.27"]
[EventType "swiss"]
[EventRounds "9"]
[EventCountry "RUS"]
[Source "lmi"]
[SourceDate "2015.03.27"]

1. c4 Nf6 2. Nc3 g6 3. g3 Bg7 4. Bg2 O-O 5. e4 c5 6. Nge2 Nc6 7. O-O Ne8 8. a3
Nc7 9. Rb1 Rb8 10. b4 cxb4 11. axb4 b5 12. d4 bxc4 13. b5 Na5 14. Qa4 Ne6 15.
Be3 d6 16. f4 Re8 17. Rb2 d5 18. Nxd5 Nf8 19. Ra2 Nb7 20. Qxa7 Bg4 21. e5 e6
22. Nb4 Bxe2 23. Rxe2 Qa5 24. Na6 Nd7 25. Bxb7 1-0

[Event "Aeroflot Open B 2015"]
[Site "Moscú RUS"]
[Date "2015.04.03"]
[Round "8.9"]
[White "Dvalishvili, Pavel S"]
[Black "Abdulov, Orkhan"]
[Result "0-1"]
[WhiteElo "2439"]
[BlackElo "2337"]
[PlyCount "61"]
[EventDate "2015.03.27"]
[EventType "swiss"]
[EventRounds "9"]
[EventCountry "RUS"]
[Source "lmi"]
[SourceDate "2015.03.27"]

1. e4 c6 2. d4 g6 3. Bd3 Bg7 4. Nf3 d5 5. Nbd2 dxe4 6. Nxe4 Nd7 7. Qe2 Ndf6 8.
Nc5 Nd5 9. O-O Ngf6 10. Re1 O-O 11. c3 b6 12. Ne4 Qc7 13. Nxf6+ Bxf6 14. Ne5
Bg7 15. c4 Nf6 16. Bf4 Nh5 17. Bd2 Bb7 18. Be4 Rad8 19. Bc3 Rd6 20. Bf3 Nf6 21.
Rad1 Rfd8 22. Rd3 Nd7 23. Nxf7 Kxf7 24. Qxe7+ Kg8 25. Bg4 Qb8 26. c5 Rd5 27.
Be6+ Kh8 28. Bxd5 cxd5 29. Qf7 Bc6 30. Rde3 Nf6 31. Re7 0-1

[Event "Aeroflot Open B 2015"]
[Site "Moscú RUS"]
[Date "2015.04.03"]
[Round "8.10"]
[White "Firat, Burak"]
[Black "Petrosyan, Manuel"]
[Result "1-0"]
[WhiteElo "2478"]
[BlackElo "2427"]
[PlyCount "153"]
[EventDate "2015.03.27"]
[EventType "swiss"]
[EventRounds "9"]
[EventCountry "RUS"]
[Source "lmi"]
[SourceDate "2015.03.27"]

1. e4 c6 2. d4 d5 3. Nc3 dxe4 4. Nxe4 Bf5 5. Ng3 Bg6 6. Nh3 e6 7. Nf4 Qh4 8.
Nxg6 hxg6 9. Qd3 Nf6 10. Ne2 Bb4+ 11. c3 Bd6 12. g3 Qe4 13. Qxe4 Nxe4 14. Bg2
Nf6 15. Bf4 Bxf4 16. Nxf4 Nbd7 17. O-O g5 18. Nd3 g4 19. b4 O-O-O 20. b5 cxb5
21. Rfb1 Rh5 22. a4 a6 23. Nf4 Rf5 24. c4 e5 25. Ne2 exd4 26. axb5 Nc5 27. bxa6
bxa6 28. Rb6 Rd7 29. Nf4 Re5 30. Nd5 Nxd5 31. cxd5 Rdxd5 32. Bxd5 Rxd5 33. Rb4
Kc7 34. Rd1 Ne6 35. Kf1 a5 36. Rc4+ Kd6 37. Ra1 Ke5 38. Rca4 Kf6 39. Rxa5 Rd8
40. Kg2 g6 41. h3 gxh3+ 42. Kxh3 Rb8 43. Rd5 Rb7 44. Kg2 Rc7 45. Ra6 Kg7 46.
Rad6 Rc8 47. Rd7 Rc2 48. Ra7 Rd2 49. Kf1 Rd1+ 50. Ke2 Rb1 51. Rdd7 Rb2+ 52. Kf1
Ng5 53. f4 Ne4 54. Rxf7+ Kg8 55. Rfd7 Nxg3+ 56. Ke1 Re2+ 57. Kd1 Re8 58. Rg7+
Kh8 59. Rh7+ Kg8 60. Rag7+ Kf8 61. Rxg6 Nf5 62. Rh8+ Kf7 63. Rxe8 Kxg6 64. Ke2
Kf6 65. Kd3 Ng7 66. Re5 Ne6 67. Ke4 Kf7 68. Rb5 d3 69. Ke5 Nf8 70. Rd5 Ng6+ 71.
Ke4 Ne7 72. Rxd3 Ke6 73. Ra3 Ng8 74. f5+ Ke7 75. Ke5 Nh6 76. Ra7+ Kf8 77. Ke6
1-0

[Event "Aeroflot Open B 2015"]
[Site "Moscú RUS"]
[Date "2015.04.03"]
[Round "8.11"]
[White "Utegaliyev, Azamat"]
[Black "Rozum, Ivan"]
[Result "1/2-1/2"]
[WhiteElo "2431"]
[BlackElo "2545"]
[PlyCount "120"]
[EventDate "2015.03.27"]
[EventType "swiss"]
[EventRounds "9"]
[EventCountry "RUS"]
[Source "lmi"]
[SourceDate "2015.03.27"]

1. e4 g6 2. d4 Bg7 3. Nc3 d6 4. Be3 Nf6 5. f3 c6 6. Qd2 Nbd7 7. Bd3 e5 8. Nge2
O-O 9. a4 exd4 10. Bxd4 b6 11. O-O Bb7 12. Rad1 a6 13. Kh1 Qc7 14. Be3 Rfe8 15.
Bh6 Bh8 16. Ng3 Nc5 17. b4 Ne6 18. Rde1 Rad8 19. Nd1 c5 20. c4 cxb4 21. Qxb4
Nd7 22. Ne3 Ne5 23. Be2 Nd4 24. Rb1 Bc6 25. Nd5 Bxd5 26. cxd5 Nxe2 27. Nxe2 Qc4
28. Qxc4 Nxc4 29. Rb4 Nb2 30. Rxb6 a5 31. Rb5 Ra8 32. Bf4 f5 33. Bxd6 fxe4 34.
fxe4 Rxe4 35. Nf4 Nxa4 36. Ne6 Nc3 37. Rxa5 Re8 38. Nc7 Re1 39. Ra1 Rxa1 40.
Rxa1 Nxd5 41. Rf1 Nxc7 42. Bxc7 Bg7 43. h3 Bc3 44. Bg3 h5 45. Rc1 Re3 46. Kh2
Be5 47. Bxe5 Rxe5 48. Rc7 Re3 49. Kg1 Re2 50. Ra7 Rc2 51. Kf1 Rd2 52. Re7 Ra2
53. Re2 Ra1+ 54. Kf2 Kf7 55. Rb2 Ra3 56. Rb6 Rc3 57. Ra6 Rb3 58. Ra7+ Kf6 59.
Ra6+ Kf5 60. Ra5+ Kf6 1/2-1/2

[Event "Aeroflot Open B 2015"]
[Site "Moscú RUS"]
[Date "2015.04.03"]
[Round "8.12"]
[White "Bortnyk, Olexandr"]
[Black "Munguntuul, Batkhuyag"]
[Result "1/2-1/2"]
[WhiteElo "2543"]
[BlackElo "2426"]
[PlyCount "77"]
[EventDate "2015.03.27"]
[EventType "swiss"]
[EventRounds "9"]
[EventCountry "RUS"]
[Source "lmi"]
[SourceDate "2015.03.27"]

1. d4 d5 2. Nc3 Bf5 3. Bf4 Nf6 4. f3 e6 5. g4 Bg6 6. h4 h6 7. e3 a6 8. Bd3 Bxd3
9. Qxd3 c5 10. dxc5 Bxc5 11. O-O-O Nc6 12. Nge2 Qa5 13. Kb1 O-O-O 14. Nd4 Nxd4
15. exd4 Bd6 16. Ne2 Kb8 17. g5 Nh5 18. Bxd6+ Rxd6 19. Qe3 Qc7 20. Rdg1 hxg5
21. hxg5 g6 22. c3 Rdd8 23. Rh3 Rhe8 24. f4 Ng7 25. Rh7 Nf5 26. Qe5 Nd6 27. Nc1
Ka7 28. Nd3 Re7 29. Qe2 Nc4 30. Ne5 Nxe5 31. Qxe5 Rc8 32. Qf6 Rd7 33. Re1 Rcd8
34. a3 a5 35. Qe5 Qb6 36. Qe2 Rc8 37. Ka1 Rdc7 38. Rc1 a4 39. Qd3 1/2-1/2

[Event "Aeroflot Open B 2015"]
[Site "Moscú RUS"]
[Date "2015.04.03"]
[Round "8.13"]
[White "Petrosian, Davit G"]
[Black "Sivuk, Vitaly"]
[Result "1/2-1/2"]
[WhiteElo "2382"]
[BlackElo "2527"]
[PlyCount "85"]
[EventDate "2015.03.27"]
[EventType "swiss"]
[EventRounds "9"]
[EventCountry "RUS"]
[Source "lmi"]
[SourceDate "2015.03.27"]

1. e4 c6 2. Nc3 d5 3. Qe2 d4 4. Nd1 e5 5. g3 Bd6 6. d3 c5 7. f4 Nc6 8. Nf3 Qc7
9. Bg2 Nge7 10. f5 Bd7 11. O-O f6 12. c4 O-O-O 13. Nf2 g6 14. Ng4 Rdf8 15. Bh6
gxf5 16. exf5 Nxf5 17. Bxf8 Rxf8 18. Qe4 h5 19. Nxf6 Rxf6 20. Nh4 Nxh4 21. Qxh4
Rxf1+ 22. Rxf1 Qa5 23. Qxh5 Qxa2 24. g4 e4 25. Bxe4 Qxb2 26. g5 Qd2 27. g6 Be5
28. Kh1 Kc7 29. Rg1 Bg7 30. Qh7 Qh6 31. Qxh6 Bxh6 32. g7 Ne7 33. g8=Q Nxg8 34.
Rxg8 a5 35. Ra8 Bd2 36. h4 b5 37. Ra7+ Kd6 38. cxb5 Bxb5 39. h5 c4 40. dxc4
Bxc4 41. Kg2 Kc5 42. h6 Bxh6 43. Rxa5+ 1/2-1/2

[Event "Aeroflot Open B 2015"]
[Site "Moscú RUS"]
[Date "2015.04.03"]
[Round "8.14"]
[White "Pavlov, Sergey"]
[Black "Korchmar, Vasiliy"]
[Result "1-0"]
[WhiteElo "2490"]
[BlackElo "2405"]
[PlyCount "139"]
[EventDate "2015.03.27"]
[EventType "swiss"]
[EventRounds "9"]
[EventCountry "RUS"]
[Source "lmi"]
[SourceDate "2015.03.27"]

1. e4 e5 2. Nf3 Nc6 3. Bb5 a6 4. Ba4 Nf6 5. O-O Be7 6. d3 b5 7. Bb3 d6 8. a3
O-O 9. Nc3 Bg4 10. Be3 Nd4 11. Bxd4 exd4 12. Nd5 Nd7 13. h3 Bxf3 14. Qxf3 c6
15. Nf4 g6 16. g3 Bf6 17. h4 Ne5 18. Qe2 h5 19. a4 Kg7 20. Kg2 Re8 21. Qd2 Ng4
22. Ra2 Qb6 23. axb5 axb5 24. Rfa1 Rxa2 25. Rxa2 Rb8 26. Nh3 Rb7 27. Qb4 c5 28.
Qa5 Qxa5 29. Rxa5 c4 30. dxc4 bxc4 31. Bxc4 Rxb2 32. Ra2 Rxa2 33. Bxa2 Bd8 34.
Kf3 Bb6 35. Ke2 Bc5 36. f3 Ne3 37. Bb3 f5 38. Ng5 Kf6 39. f4 fxe4 40. Nxe4+ Kf5
41. Kf3 Nf1 42. Bc4 d5 43. Bxd5 Bb4 44. Ng5 Bc3 45. Be6+ Kf6 46. Bh3 Nd2+ 47.
Ke2 Ke7 48. Kd3 Nb1 49. Nf3 Na3 50. f5 gxf5 51. Bxf5 Kf6 52. Bd7 Kg7 53. Be8
Kh6 54. Ba4 Nb1 55. Nxd4 Be1 56. Be8 Kh7 57. Nf5 Nc3 58. Bxh5 Nd5 59. c4 Nf6
60. Bf3 Kg6 61. g4 Bf2 62. Kc3 Nd7 63. Kb4 Kf6 64. Kb5 Ke5 65. Be2 Kf4 66. h5
Kg5 67. Nd6 Be3 68. h6 Kf6 69. h7 Kg7 70. Nf5+ 1-0

[Event "Aeroflot Open B 2015"]
[Site "Moscú RUS"]
[Date "2015.04.03"]
[Round "8.15"]
[White "Yilmazyerli, Mert"]
[Black "Kathmale, Sameer"]
[Result "1-0"]
[WhiteElo "2464"]
[BlackElo "2322"]
[PlyCount "69"]
[EventDate "2015.03.27"]
[EventType "swiss"]
[EventRounds "9"]
[EventCountry "RUS"]
[Source "lmi"]
[SourceDate "2015.03.27"]

1. e4 d5 2. exd5 Qxd5 3. Nc3 Qd6 4. d4 Nf6 5. Nf3 c6 6. Ne5 Nbd7 7. Nc4 Qc7 8.
Qf3 Nb6 9. Bf4 Qd7 10. Be5 Qg4 11. Qe3 Nfd5 12. Nxd5 Nxd5 13. Qd2 f6 14. Bg3
Qe4+ 15. Ne3 Nxe3 16. fxe3 Bf5 17. Bd3 Qe6 18. O-O Bxd3 19. Qxd3 Qd7 20. Rad1
e6 21. Qb3 O-O-O 22. e4 Bd6 23. Bf2 Rhe8 24. c4 Qc7 25. Kh1 c5 26. Qa3 cxd4 27.
c5 Be5 28. Qxa7 Qc6 29. Qa3 Qxe4 30. c6 Kb8 31. cxb7 Qxb7 32. Qd3 Kc8 33. Rc1+
Kd7 34. Bxd4 Bd6 35. Bc5 1-0

[Event "Aeroflot Open B 2015"]
[Site "Moscú RUS"]
[Date "2015.04.03"]
[Round "8.16"]
[White "Abdyjapar, Asyl"]
[Black "Harutyunian, Tigran K"]
[Result "0-1"]
[WhiteElo "2400"]
[BlackElo "2445"]
[PlyCount "166"]
[EventDate "2015.03.27"]
[EventType "swiss"]
[EventRounds "9"]
[EventCountry "RUS"]
[Source "lmi"]
[SourceDate "2015.03.27"]

1. d4 d5 2. c4 e6 3. Nc3 Be7 4. Nf3 Nf6 5. Bf4 O-O 6. e3 Nbd7 7. Qc2 c5 8. dxc5
Nxc5 9. Be2 Bd7 10. O-O dxc4 11. Bxc4 Rc8 12. Rfd1 Qa5 13. Ne5 b5 14. b4 Qxb4
15. Rab1 Qa5 16. Nxb5 Nd5 17. Bg3 Nb4 18. Qd2 Bxb5 19. Qxb4 Qxb4 20. Rxb4 Bxc4
21. Rxc4 f6 22. Nf3 e5 23. Rdc1 Rb8 24. Ne1 Ne6 25. Kf1 Rfd8 26. Ke2 Kf7 27.
Nd3 Rb5 28. R1c2 h5 29. h4 g6 30. f3 Rbd5 31. Nb4 Bxb4 32. Rxb4 R8d7 33. Be1 f5
34. Rbc4 Rb5 35. Bc3 f4 36. a4 Rb3 37. Rd2 Rxd2+ 38. Kxd2 Ra3 39. Bxe5 fxe3+
40. Ke2 Ke7 41. g3 a5 42. g4 Kf7 43. gxh5 gxh5 44. Bc3 Kg6 45. Kxe3 Kf5 46. Kf2
Nf4 47. Bd2 Ng6 48. Ke2 Rxf3 49. Bxa5 Rh3 50. Bc7 Ke6 51. Bd8 Ne5 52. Rf4 Kd5
53. Bf6 Rh2+ 54. Kd1 Ng4 55. Bg5 Nf2+ 56. Ke2 Nh3+ 57. Kf3 Nxf4 58. Kxf4 Rf2+
59. Ke3 Rf8 60. a5 Ra8 61. Kf4 Ke6 62. Ke3 Kf5 63. Kf3 Rxa5 64. Ke3 Ra3+ 65.
Kd4 Ra4+ 66. Ke3 Kg4 67. Bf6 Ra6 68. Bg5 Re6+ 69. Kd3 Kf3 70. Kd4 Re4+ 71. Kd3
Ra4 72. Kd2 Rd4+ 73. Ke1 Rd6 74. Bd2 Re6+ 75. Kd1 Kf2 76. Bg5 Re2 77. Bh6 Re4
78. Bg5 Rd4+ 79. Kc2 Kg3 80. Kc3 Rxh4 81. Bxh4+ Kxh4 82. Kd2 Kg3 83. Ke2 Kg2
0-1

[Event "Aeroflot Open B 2015"]
[Site "Moscú RUS"]
[Date "2015.04.03"]
[Round "8.17"]
[White "Lorparizangeneh, Shahin"]
[Black "Kashlinskaya, Alina"]
[Result "1/2-1/2"]
[WhiteElo "2319"]
[BlackElo "2436"]
[PlyCount "98"]
[EventDate "2015.03.27"]
[EventType "swiss"]
[EventRounds "9"]
[EventCountry "RUS"]
[Source "lmi"]
[SourceDate "2015.03.27"]

1. d4 Nf6 2. c4 c5 3. d5 b5 4. cxb5 a6 5. f3 e6 6. e4 exd5 7. e5 Qe7 8. Qe2 Ng8
9. Nc3 Bb7 10. Nh3 c4 11. Nf4 Qc5 12. Nfxd5 Bxd5 13. Be3 Qb4 14. a3 Qa5 15. Bd2
Be6 16. Nd5 Qd8 17. Qxc4 Ra7 18. Qd4 Rb7 19. bxa6 Nc6 20. Qc3 Ra7 21. Nf4 Nge7
22. Be3 Ra8 23. b4 Nf5 24. Bf2 Be7 25. Bb5 O-O 26. Nxe6 fxe6 27. O-O Qc7 28.
Rfe1 Bg5 29. Bc5 Nfe7 30. Bd3 Nb8 31. Qd4 Nxa6 32. Bxa6 Rxa6 33. h4 Nc6 34. Qd6
Qxd6 35. Bxd6 Bxh4 36. Re4 Be7 37. b5 Rb6 38. bxc6 Bxd6 39. exd6 Rxc6 40. Rd4
Ra8 41. Rb1 e5 42. Rd3 Kf7 43. Rb5 Kf6 44. g4 Ke6 45. Re3 Kxd6 46. Rexe5 Rc2
47. Re3 Ra4 48. Rd3+ Kc6 49. Rbd5 Rxa3 1/2-1/2

[Event "Aeroflot Open B 2015"]
[Site "Moscú RUS"]
[Date "2015.04.03"]
[Round "8.18"]
[White "Golubov, Saveliy"]
[Black "Kryakvin, Dmitry"]
[Result "1/2-1/2"]
[WhiteElo "2362"]
[BlackElo "2544"]
[PlyCount "94"]
[EventDate "2015.03.27"]
[EventType "swiss"]
[EventRounds "9"]
[EventCountry "RUS"]
[Source "lmi"]
[SourceDate "2015.03.27"]

1. e4 c5 2. Nf3 Nc6 3. Bb5 d6 4. O-O Bd7 5. c3 Nf6 6. Re1 a6 7. Bf1 Bg4 8. d4
cxd4 9. cxd4 e5 10. d5 Nd4 11. Be3 Nxf3+ 12. gxf3 Bd7 13. Nc3 Be7 14. Na4 O-O
15. Nb6 Rb8 16. Rc1 Nh5 17. Qc2 Bg5 18. Qc7 Bxe3 19. fxe3 Qg5+ 20. Kh1 Bb5 21.
Bg2 Qh4 22. a4 Ng3+ 23. Kg1 Ne2+ 24. Rxe2 Bxe2 25. Nd7 Qg5 26. Kf2 f5 27. Nxf8
Rxf8 28. Qc2 Bxf3 29. Bxf3 Qh4+ 30. Kg1 Qg5+ 31. Kh1 Qxe3 32. Qc3 Qf4 33. Bg2
fxe4 34. Rf1 Qg4 35. Rxf8+ Kxf8 36. Qe1 e3 37. Qxe3 Qxa4 38. Qc1 Qb4 39. h3 g6
40. Qc7 Kg8 41. b3 a5 42. Qd8+ Kg7 43. Qd7+ Kh6 44. Qe7 Qf4 45. Qxd6 Qc1+ 46.
Kh2 Qf4+ 47. Kg1 Qe3+ 1/2-1/2

[Event "Aeroflot Open B 2015"]
[Site "Moscú RUS"]
[Date "2015.04.03"]
[Round "8.19"]
[White "Guliyev, Namig"]
[Black "Pasiev, Rakhim"]
[Result "1-0"]
[WhiteElo "2539"]
[BlackElo "2400"]
[PlyCount "71"]
[EventDate "2015.03.27"]
[EventType "swiss"]
[EventRounds "9"]
[EventCountry "RUS"]
[Source "lmi"]
[SourceDate "2015.03.27"]

1. e4 e6 2. d4 d5 3. Nc3 Bb4 4. e5 c5 5. a3 Bxc3+ 6. bxc3 Qc7 7. Qg4 Ne7 8.
Qxg7 Rg8 9. Qxh7 cxd4 10. Ne2 Nbc6 11. f4 dxc3 12. Qd3 Bd7 13. Nxc3 a6 14. Ne2
O-O-O 15. Bd2 Nf5 16. h3 f6 17. g4 Nh4 18. Qg3 Nf5 19. Qf2 fxe5 20. gxf5 d4 21.
Bg2 exf4 22. Nxf4 Qe5+ 23. Qe2 Qxf5 24. Be4 Qf6 25. Nd3 Qh4+ 26. Kd1 e5 27. Kc1
Rg3 28. Kb2 Re3 29. Bxe3 Qxe4 30. Nc5 Qd5 31. Nxd7 Rxd7 32. Rad1 Na5 33. Bc1
Rd6 34. Rhe1 Rb6+ 35. Ka1 Nc4 36. Rd3 1-0

[Event "Aeroflot Open B 2015"]
[Site "Moscú RUS"]
[Date "2015.04.03"]
[Round "8.20"]
[White "Papin, Vasily"]
[Black "Le, Tuan Minh"]
[Result "1-0"]
[WhiteElo "2501"]
[BlackElo "2393"]
[PlyCount "83"]
[EventDate "2015.03.27"]
[EventType "swiss"]
[EventRounds "9"]
[EventCountry "RUS"]
[Source "lmi"]
[SourceDate "2015.03.27"]

1. c4 e5 2. g3 Nc6 3. Nc3 g6 4. Bg2 Bg7 5. d3 d6 6. e4 Nge7 7. Nge2 O-O 8. O-O
Be6 9. Nd5 Qd7 10. Be3 f5 11. Qd2 Rae8 12. Rac1 Nd4 13. Nxe7+ Qxe7 14. Nxd4
exd4 15. Bg5 Qd7 16. exf5 Bxf5 17. Rfe1 c6 18. Bf4 Be5 19. Bxe5 dxe5 20. b4 Re7
21. c5 Kg7 22. a4 Bg4 23. Re4 Bf5 24. Rh4 Qe6 25. Re1 Qf6 26. f4 h5 27. fxe5
Rxe5 28. Rf4 Rfe8 29. Rxe5 Rxe5 30. Rxd4 Rxc5 31. Rf4 Qa1+ 32. Bf1 Re5 33. Qf2
Re1 34. Qxa7 Bh3 35. Qxb7+ Kh6 36. Qf7 Qe5 37. Qf8+ Kg5 38. Re4 Rxe4 39. dxe4
Bxf1 40. Qf4+ Qxf4 41. gxf4+ Kxf4 42. Kxf1 1-0

[Event "Aeroflot Open B 2015"]
[Site "Moscú RUS"]
[Date "2015.04.03"]
[Round "8.21"]
[White "Litvinov, Maxim"]
[Black "Hayrapetyan, Hovik"]
[Result "1/2-1/2"]
[WhiteElo "2389"]
[BlackElo "2465"]
[PlyCount "109"]
[EventDate "2015.03.27"]
[EventType "swiss"]
[EventRounds "9"]
[EventCountry "RUS"]
[Source "lmi"]
[SourceDate "2015.03.27"]

1. e4 c5 2. Nf3 e6 3. g3 a6 4. Bg2 b5 5. O-O Bb7 6. Re1 Qc7 7. a4 b4 8. c3 bxc3
9. bxc3 Nf6 10. d3 c4 11. Bf4 Qc8 12. Na3 cxd3 13. Qxd3 d5 14. exd5 Nxd5 15.
Be5 Nc6 16. Nc4 Nxe5 17. Nfxe5 Qc7 18. Rab1 Rd8 19. Qf3 Ba8 20. Bh3 Bc5 21.
Nxf7 Qxf7 22. Rxe6+ Kf8 23. Qxf7+ Kxf7 24. Ne5+ Kf8 25. Rxa6 Nc7 26. Ra5 Bd6
27. Nd7+ Kf7 28. Rd1 Be7 29. Ra7 Nd5 30. Re1 Rhe8 31. Be6+ Kg6 32. Rxa8 Rxa8
33. Bxd5 Rac8 34. Ne5+ Kf5 35. g4+ Kg5 36. h4+ Kxh4 37. Nf3+ Kxg4 38. Be6+ Kxf3
39. Bxc8 Rxc8 40. Rxe7 Rc4 41. Rf7+ Ke2 42. Rxg7 Rxa4 43. Kg2 h5 44. Re7+ Kd2
45. Rc7 Kd3 46. Rc5 Rg4+ 47. Kf3 Rh4 48. Kg2 Rg4+ 49. Kf1 h4 50. f3 Ra4 51. Kg2
Ke3 52. Rf5 Ra2+ 53. Kh3 Ra4 54. Rf8 Rc4 55. Rf7 1/2-1/2

[Event "Aeroflot Open B 2015"]
[Site "Moscú RUS"]
[Date "2015.04.03"]
[Round "8.22"]
[White "Krapivin, Alexander"]
[Black "Gorbatov, Alexej"]
[Result "1-0"]
[WhiteElo "2436"]
[BlackElo "2372"]
[PlyCount "163"]
[EventDate "2015.03.27"]
[EventType "swiss"]
[EventRounds "9"]
[EventCountry "RUS"]
[Source "lmi"]
[SourceDate "2015.03.27"]

1. g3 d5 2. Bg2 e5 3. d3 Nc6 4. Nf3 Nf6 5. O-O Be7 6. b3 O-O 7. Bb2 d4 8. c3 a5
9. Nbd2 a4 10. bxa4 dxc3 11. Bxc3 Nd5 12. Bb2 f6 13. Ne4 Be6 14. Nfd2 Qd7 15.
Nb3 Rfd8 16. a5 Qe8 17. a3 Qf7 18. Qc2 Bd6 19. Rfc1 Nde7 20. Nbd2 Nxa5 21. Nxd6
cxd6 22. Bc3 Nac6 23. Qb2 Nd5 24. Nc4 Nxc3 25. Rxc3 d5 26. Nd2 Qe7 27. Nb3 Bf7
28. Rc2 Kf8 29. d4 e4 30. Rc5 Be8 31. e3 b6 32. Rc3 Qa7 33. Nd2 Qa5 34. Rac1
Ne7 35. Rb3 Rd6 36. Bf1 Ba4 37. Rb4 Be8 38. Nb1 Rc8 39. Rxc8 Nxc8 40. Nc3 Qa8
41. Bb5 Bf7 42. Ra4 Qb8 43. Ra6 g5 44. Bf1 f5 45. a4 Be8 46. a5 Qc7 47. Qa3 Kg8
48. axb6 Nxb6 49. Nxd5 Rxd5 50. Qb3 Bf7 51. Qxb6 Qxb6 52. Rxb6 Ra5 53. Ra6 Rxa6
54. Bxa6 Kg7 55. Bc8 Kf6 56. Kf1 Bh5 57. Ke1 Bg4 58. Kd2 Ke7 59. Kc3 Kd6 60.
Kb4 Bh3 61. Ba6 Bg4 62. Bf1 Bh5 63. Bh3 Bg6 64. Bf1 Bh5 65. Bc4 h6 66. Kb5 Be8+
67. Kb6 Ba4 68. Kb7 Be8 69. Kc8 Bg6 70. Kd8 Bh5 71. Bb3 Bg6 72. Bg8 g4 73. Bc4
Bh5 74. Bb3 Bg6 75. Bg8 Bh5 76. Bh7 Ke6 77. Kc7 Be8 78. Bg8+ Kf6 79. d5 Kg7 80.
Be6 Kf6 81. Bd7 Bf7 82. d6 1-0

[Event "Aeroflot Open B 2015"]
[Site "Moscú RUS"]
[Date "2015.04.03"]
[Round "8.23"]
[White "Glek, Igor"]
[Black "Demianjuk, Alexander"]
[Result "0-1"]
[WhiteElo "2410"]
[BlackElo "2340"]
[PlyCount "88"]
[EventDate "2015.03.27"]
[EventType "swiss"]
[EventRounds "9"]
[EventCountry "RUS"]
[Source "lmi"]
[SourceDate "2015.03.27"]

1. c4 e5 2. g3 Nf6 3. Bg2 Nc6 4. Nc3 Bc5 5. a3 a6 6. e3 O-O 7. Nge2 Re8 8. O-O
d6 9. d3 Ba7 10. h3 Be6 11. Nd5 h6 12. Kh2 Nh7 13. f4 f6 14. g4 exf4 15. Nexf4
Bf7 16. b3 Ne5 17. Ra2 c6 18. Nc3 Ng6 19. d4 Nh4 20. Bh1 Rc8 21. Qd3 b5 22. Bd2
g5 23. Nfe2 bxc4 24. bxc4 Bg6 25. e4 d5 26. cxd5 cxd5 27. Qxa6 Bb8+ 28. Kg1
dxe4 29. Be1 Bf7 30. Rb2 Bc4 31. Qa4 Bd3 32. Qb3+ Kh8 33. Qd5 Qxd5 34. Nxd5
Nf3+ 35. Rxf3 exf3 36. Bxf3 Ba7 37. Bf2 Bc4 38. Nec3 Rb8 39. Nb4 Nf8 40. Rd2
Nd7 41. Ne4 Bb5 42. Kg2 Ba4 43. Nc3 Bb3 44. Nc6 Rbc8 0-1

[Event "Aeroflot Open B 2015"]
[Site "Moscú RUS"]
[Date "2015.04.03"]
[Round "8.24"]
[White "Mammadzada, Gunay"]
[Black "Khanin, Semen"]
[Result "1/2-1/2"]
[WhiteElo "2336"]
[BlackElo "2408"]
[PlyCount "84"]
[EventDate "2015.03.27"]
[EventType "swiss"]
[EventRounds "9"]
[EventCountry "RUS"]
[Source "lmi"]
[SourceDate "2015.03.27"]

1. e4 e5 2. Nf3 Nc6 3. Bb5 a6 4. Ba4 Nf6 5. O-O Be7 6. Re1 b5 7. Bb3 d6 8. c3
O-O 9. d4 Bg4 10. Be3 exd4 11. cxd4 d5 12. e5 Ne4 13. Nc3 Nxc3 14. bxc3 Na5 15.
Bc2 Nc4 16. Qd3 g6 17. Bh6 Re8 18. Qe2 Qd7 19. h3 Be6 20. Ng5 Bf8 21. Bxf8 Rxf8
22. f4 Qe7 23. Qf2 h6 24. Nxe6 fxe6 25. Bxg6 c5 26. Bd3 cxd4 27. cxd4 Rf7 28.
g4 Qa3 29. Bxc4 bxc4 30. Re3 c3 31. Qc2 Qb2 32. Qxb2 cxb2 33. Rb1 Rb8 34. Re2
Rxf4 35. Rexb2 Rxb2 36. Rxb2 Rxd4 37. Rb8+ Kf7 38. Rb7+ Kf8 39. Rb6 Kf7 40.
Rb7+ Kf8 41. Rb8+ Kf7 42. Rb7+ Kf8 1/2-1/2

[Event "Aeroflot Open B 2015"]
[Site "Moscú RUS"]
[Date "2015.04.03"]
[Round "8.25"]
[White "Palit, Somak"]
[Black "Yeletsky, Ivan"]
[Result "1-0"]
[WhiteElo "2415"]
[BlackElo "2312"]
[PlyCount "59"]
[EventDate "2015.03.27"]
[EventType "swiss"]
[EventRounds "9"]
[EventCountry "RUS"]
[Source "lmi"]
[SourceDate "2015.03.27"]

1. e4 c5 2. Nf3 d6 3. Bc4 Nf6 4. d3 Nc6 5. c3 g6 6. O-O Bg7 7. Bb3 O-O 8. Qe2
b5 9. d4 cxd4 10. Nxd4 Bg4 11. f3 Nxd4 12. cxd4 Bd7 13. Be3 a5 14. Bc2 e5 15.
dxe5 dxe5 16. Nc3 b4 17. Na4 Qe8 18. Nb6 Bb5 19. Bd3 Bxd3 20. Qxd3 Rb8 21. Qa6
Nd7 22. Nd5 Qd8 23. Rfd1 Re8 24. Rac1 h5 25. Nc7 Rf8 26. Qc6 b3 27. a3 Qh4 28.
Rxd7 Rbc8 29. Rcd1 g5 30. Qc1 1-0

[Event "Aeroflot Open B 2015"]
[Site "Moscú RUS"]
[Date "2015.04.03"]
[Round "8.26"]
[White "Zilbert, Oleg"]
[Black "Gevorgyan, David"]
[Result "0-1"]
[WhiteElo "2250"]
[BlackElo "2386"]
[PlyCount "106"]
[EventDate "2015.03.27"]
[EventType "swiss"]
[EventRounds "9"]
[EventCountry "RUS"]
[Source "lmi"]
[SourceDate "2015.03.27"]

1. e4 e5 2. Nf3 Nc6 3. d4 exd4 4. Bc4 Nf6 5. O-O Nxe4 6. Re1 d5 7. Bxd5 Qxd5 8.
Nc3 Qa5 9. Nxe4 Be6 10. Bd2 Bb4 11. Nxd4 Nxd4 12. c3 Be7 13. cxd4 Qd5 14. Bb4
Bxb4 15. Qa4+ Qc6 16. Qxb4 O-O-O 17. Rac1 Qb6 18. Qc3 Bd5 19. Nc5 Qg6 20. f3
Qd6 21. Qa3 Kb8 22. Re7 Rhe8 23. Rce1 Rxe7 24. Rxe7 Bc6 25. Qe3 b6 26. Na6+ Kb7
27. Nxc7 Rd7 28. Rxd7 Bxd7 29. Ne8 Qf8 30. Qe4+ Bc6 31. d5 Bxe8 32. b4 Bd7 33.
Kf2 Qd6 34. a3 h6 35. h4 Kc7 36. h5 Kb7 37. g4 Qh2+ 38. Ke3 Qg1+ 39. Kd2 Qh2+
40. Ke3 Qd6 41. Kd4 f6 42. Qe3 a5 43. Kc4 axb4 44. axb4 b5+ 45. Kc3 Qxd5 46.
Kc2 Qc4+ 47. Kd1 Qxb4 48. Ke2 Qd6 49. Qe4+ Bc6 50. Qg6 Qe7+ 51. Kf2 b4 52. Qd3
Qc5+ 53. Kg2 Qd5 0-1